000 00701nam a2200265Ia 4500
003 OSt
005 20221007095223.0
006 a|||||r|||| 00| 0
007 ta
008 221006b |||||||| |||| 00| 0 eng d
020 _a8177371193
024 _a1,082
037 _cTextual
040 _aLCO
_cLCO
_beng
041 _2eng
_aeng
082 _aZ2,267, P7
100 _aVashisth V.
_9700991
245 0 _aLaw and Practice of Intellectual Property in India
250 _a3rd
260 _aNew
_bDelhi Bharat Law House India
_c2007
300 _a1460
650 _aINTELLECTUAL PROPERTY
_9583124
942 _hZ2,267, P7
_cTEXL
999 _c1170645
_d1170645